American literary anecdotes / (Record no. 4806)
[ view plain ]
| 000 -LEADER | |
|---|---|
| fixed length control field | 00752nam a2200265 a 4500 |
| 001 - CONTROL NUMBER | |
| JCCL Control Number | 4806 |
| 003 - CONTROL NUMBER IDENTIFIER | |
| JCCL marc code | BD-JhCC |
| 005 - DATE AND TIME OF LATEST TRANSACTION | |
| control field | 20171203185310.0 |
| 008 - FIXED-LENGTH DATA ELEMENTS--GENERAL INFORMATION | |
| fixed length control field | 890426s1990 nyu 001 0deng d |
| 020 ## - INTERNATIONAL STANDARD BOOK NUMBER | |
| International Standard Book Number | 0816015996 : |
| Terms of availability | $24.95 ($31.95 Can.) |
| 035 ## - SYSTEM CONTROL NUMBER | |
| system control number | (BD-JhCC)4806 |
| 040 ## - CATALOGING SOURCE | |
| Original cataloging agency | DLC |
| Transcribing agency | DLC |
| Modifying agency | DLC |
| -- | BD-JhCC |
| 041 ## - LANGUAGE CODE | |
| Language code of Book | eng |
| 050 00 - LIBRARY OF CONGRESS CALL NUMBER | |
| Classification number | PS138 |
| Item number | .H46 1990 |
| 082 00 - DEWEY DECIMAL CLASSIFICATION NUMBER | |
| Classification number | 818.02 |
| DDC Edition number | 20 |
| Author mark and Year | HEN 1990 |
| 100 1# - MAIN ENTRY--PERSONAL NAME | |
| Personal name | Hendrickson, Robert, |
| Dates associated with a name | 1933- |
| 245 10 - TITLE STATEMENT | |
| Title | American literary anecdotes / |
| Statement of responsibility, etc | Robert Hendrickson. |
| 260 ## - PUBLICATION, DISTRIBUTION, ETC. (IMPRINT) | |
| Place of publication, distribution, etc | New York : |
| Name of publisher, distributor, etc | Facts on File, |
| Date of publication, distribution, etc | c1990. |
| 300 ## - PHYSICAL DESCRIPTION | |
| Pagination | x, 276 p. ; |
| Dimensions | 24 cm. |
| 500 ## - GENERAL NOTE | |
| General note | Includes index. |
| 650 #0 - SUBJECT ADDED ENTRY--TOPICAL TERM | |
| Topical term or geographic name as entry element | American literature |
| General subdivision | Anecdotes. |
| 650 #0 - SUBJECT ADDED ENTRY--TOPICAL TERM | |
| Topical term or geographic name as entry element | Authors, American |
| General subdivision | Anecdotes. |
| 942 ## - ADDED ENTRY ELEMENTS (KOHA) | |
| Source of classification or shelving scheme | Dewey Decimal Classification |
| Koha item type | Books |
| Source of classification or shelving scheme | Damaged status | Not for loan | Home library | Current library | Shelving location | Date of accession | Total Checkouts | Full call number | Barcode | Date last seen | Copy number | Koha item type |
|---|---|---|---|---|---|---|---|---|---|---|---|---|
| Dewey Decimal Classification | JCC Rouf Library | JCC Rouf Library | General Stacks | 12/03/2017 | 818.02 HEN 1990 | 6687 | 12/03/2017 | C-1 | Books |